| 000 | 01350cam a2200361 i 4500 | ||
|---|---|---|---|
| 999 |
_c58178 _d58178 |
||
| 001 | 18824171 | ||
| 005 | 20210731235845.0 | ||
| 008 | 151020s2016 inu b 001 0 eng | ||
| 010 | _a 2015027461 | ||
| 020 | _a9780253018687 (cloth : alk. paper) | ||
| 020 | _a9780253018700 (pbk. : alk. paper) | ||
| 020 | _z9780253018731 (ebook) | ||
| 040 |
_aDLC _beng _cDLC _erda _dDLC |
||
| 042 | _apcc | ||
| 050 | 0 | 0 |
_aJC319 _b.B573 2016 |
| 082 | 0 | 0 |
_a327.1 B-64 _223 |
| 100 | 1 |
_aBlack, Jeremy _d1955- _eauthor. _912337 |
|
| 245 | 1 | 0 |
_aGeopolitics and the quest for dominance / _cJeremy Black. |
| 264 | 1 |
_aBloomington : _bIndiana University Press, _c[2016] |
|
| 300 |
_axiii, 335 pages ; _c23 cm |
||
| 336 |
_atext _2rdacontent |
||
| 337 |
_aunmediated _2rdamedia |
||
| 338 |
_avolume _2rdacarrier |
||
| 504 | _aIncludes bibliographical references and index. | ||
| 650 | 0 |
_aGeopolitics. _912338 |
|
| 650 | 0 |
_aPower (Social sciences) _99888 |
|
| 650 | 0 |
_aInternational relations. _912339 |
|
| 653 | _aგეოპოლიტიკა | ||
| 653 | _aГеополитика | ||
| 906 |
_a7 _bcbc _corignew _d1 _eecip _f20 _gy-gencatlg |
||
| 942 |
_2udc _cBK |
||
| 955 |
_brf03 2015-10-20 _crf03 2015-10-20 to GPSE for subj. _axn12 2016-01-04 1 copy rec'd., to CIP ver. _are13 2016-01-08 Copy 1 Barcode 00405267846 received GPSE _are13 2016-07-28 to Telework |
||